| 000 | 00819nam a22002417a 4500 | ||
|---|---|---|---|
| 999 |
_c15665 _d15665 |
||
| 003 | MIRAKIL | ||
| 005 | 20240318143113.0 | ||
| 008 | 240318b tu ||||| |||| 00| 0 tur d | ||
| 020 | _a9789751628442 | ||
| 040 |
_aTR-AnCHP _cTR-AnCHP |
||
| 041 | _atur | ||
| 082 |
_a419.9931 _bC67ö 2017 |
||
| 100 | _aCoşkun, Mustafa Volkan | ||
| 245 | 1 | 0 |
_aÖzbek Türkçesi grameri / _cMustafa Volkan Coşkun. |
| 260 |
_aAnkara : _bTürk Dil Kurumu, _c2017. |
||
| 300 |
_a250 s. ; _c24 cm. |
||
| 490 | 0 |
_aAtatürk Kültür Dil ve Tarih Yüksek Kurumu Türk Dil Kurumu yayınları ; _v752. |
|
| 500 | _aÖzbekçe metin içerir | ||
| 504 | _aKaynakça: 247-250. ss. | ||
| 650 | 0 |
_97781 _aÖzbek Türkçesi |
|
| 856 | _zDijital Nüshası için Partimizin Kütüphane Sorumlusu ile iletişime geçiniz. | ||
| 942 |
_2ddc _cBKS |
||